[Event "Challenge"]
[Site "http://www.queenalice.com/game.php?id=1523106"]
[Date "2018.4.11"]
[Round "-"]
[White "jajerduco"]
[Black "marcomasao"]
[Result "1-0"]
[WhiteElo "1767"]
[BlackElo "1975"]

1. e4 e5 2. g4 Bc5 3. d3 h6 4. c3 Nc6 5. b4 Bb6 6. a4 a6 7. a5 Ba7 8. Qe2 Qf6 9.
f3 Nge7 10. Bg2 b5 11. h4 Ng6 12. g5 Nf4 13. gxf6 Nxe2 14. fxg7 Rg8 15. Nxe2
Rxg7 16. Rh2 Bb7 17. Bxh6 Rh7 18. Bg5 Rg7 19. Ng3 Rg6 20. Nh5 f6 21. Bxf6 d6 22.
Bg5 Nb8 23. Bh3 Nc6 24. Bf5 Kf7 25. Bxg6+ Kxg6 26. Ng3 Rf8 27. Nf5 Bc8 28. Rg2
Kf7 29. Bh6 Rh8 30. Rg7+ Ke8 31. Rxc7 Kd8 32. Rxc6 Rg8 33. Bg5+ Kd7 34. Rxd6+
Kc7 35. Ra2 Bxf5 36. Rxa6 Kb7 37. Rxa7+ Kxa7 38. exf5 Kb7 39. a6+ Ka7 40. f6 Rf8
41. h5 Rf7 42. h6 Rh7 43. Be3+ Ka8 44. a7 e4 45. dxe4 Rf7 46. Ra6 Rh7 47. Ra5
Rf7 48. Rxb5 Rh7 49. Rb8# 1-0

[Event "Challenge"]
[Site "http://www.queenalice.com/game.php?id=1523420"]
[Date "2018.4.13"]
[Round "-"]
[White "cyrano"]
[Black "jajerduco"]
[Result "0-1"]
[WhiteElo "1724"]
[BlackElo "1762"]

1. e4 Na6 2. d4 c6 3. e5 e6 4. c3 g6 5. f4 h5 6. h4 Ne7 7. b4 b5 8. a4 Nf5 9.
Ne2 Nxh4 10. g3 Nf3+ 11. Kf2 Nxd4 12. Nxd4 Qb6 13. axb5 cxb5 14. Bxb5 Bb7 15.
Re1 Nc7 16. Be3 Nxb5 17. Nc2 Qc6 18. Nd4 Qg2# 0-1

[Event "Challenge"]
[Site "http://www.queenalice.com/game.php?id=1523472"]
[Date "2018.4.14"]
[Round "-"]
[White "MADMIKE"]
[Black "jajerduco"]
[Result "1-0"]
[WhiteElo "1871"]
[BlackElo "1809"]

1. d4 e5 2. d5 c6 3. d6 Qf6 4. Nc3 Bxd6 5. Ne4 Bb4+ 6. c3 Qh4 7. Qd3 Ba5 8. Nd6+
Kf8 9. Nxc8 Na6 10. Qd6+ Ke8 11. Qxe5+ Ne7 12. Nd6+ Kf8 13. Qxa5 Nd5 14. Nf3 Qf6
15. Nxb7 Nac7 16. Nc5 Qe7 17. e3 g6 18. Be2 Kg7 19. e4 Qd6 20. exd5 Nxd5 21. Nb7
Qe6 22. Nc5 Qe7 23. Nd4 Rhe8 24. O-O Nf6 25. h3 h5 26. b4 Rec8 27. Qa4 Nd5 28.
Qc2 d6 29. Ne4 c5 30. bxc5 dxc5 31. Bg5 Qe5 32. Bc4 cxd4 33. Bxd5 Qxd5 34. Bf6+
Kg8 35. Bxd4 Re8 36. Nf6+ Kf8 37. Nxd5 Rac8 38. Rfe1 Re6 39. Rxe6 fxe6 40. Nb4
Kf7 41. Qa4 Rc7 42. Be5 Rc5 43. Qd7+ Kf8 44. Qd6+ Kf7 45. Qxc5 a5 46. Qc7+ Ke8
47. Nc6 Kf8 48. Rb1 h4 49. Rb8# 1-0

[Event "Challenge"]
[Site "http://www.queenalice.com/game.php?id=1523473"]
[Date "2018.4.14"]
[Round "-"]
[White "jajerduco"]
[Black "MADMIKE"]
[Result "1-0"]
[WhiteElo "1791"]
[BlackElo "1848"]

1. e4 e5 2. g4 d6 3. Bg2 Be7 4. Nc3 Nc6 5. b3 Nf6 6. h3 Nd7 7. Nd5 O-O 8. Bb2
Nb6 9. Nxb6 cxb6 10. Qe2 Bh4 11. Nf3 b5 12. Qxb5 a6 13. Qe2 b5 14. Nxh4 Qxh4 15.
O-O-O Qe7 16. h4 f6 17. Rhf1 Bb7 18. Ba3 b4 19. Bb2 a5 20. Qb5 Qd7 21. Qd5+ Kh8
22. Bh3 Ne7 23. Qd3 Ba6 24. Qe3 Bxf1 25. Rxf1 d5 26. g5 f5 27. Bxf5 Nxf5 28.
exf5 Rxf5 29. Bxe5 Re8 30. d4 a4 31. f4 axb3 32. axb3 Qa7 33. Kd2 Rff8 34. f5
Rc8 35. f6 gxf6 36. gxf6 Rf7 37. Rg1 Qa2 38. Qd3 Rc3 39. Qf5 Rxb3 40. Qc8+ 1-0

[Event "Challenge"]
[Site "http://www.queenalice.com/game.php?id=1524751"]
[Date "2018.4.24"]
[Round "-"]
[White "marcomasao"]
[Black "jajerduco"]
[Result "1-0"]
[WhiteElo "1866"]
[BlackElo "1795"]

1. e4 Na6 2. Bc4 e6 3. Nf3 g6 4. Nc3 Bg7 5. Qe2 Nf6 6. d3 O-O 7. Bg5 c6 8. a3 b5
9. Ba2 h6 10. Be3 d6 11. h3 e5 12. g4 g5 13. Nh2 Bd7 14. f3 c5 15. Qf2 b4 16.
Nd5 Nxd5 17. Bxd5 Rb8 18. Nf1 bxa3 19. bxa3 Ba4 20. Ng3 Rb2 21. Nf5 Rxc2 22. Bd2
Kh7 23. h4 f6 24. hxg5 fxg5 25. Qh2 Rh8 26. Nxh6 Kg6 27. Qh5+ Kf6 28. Qf7# 1-0

[Event "Challenge"]
[Site "http://www.queenalice.com/game.php?id=1524752"]
[Date "2018.4.24"]
[Round "-"]
[White "jajerduco"]
[Black "marcomasao"]
[Result "0-1"]
[WhiteElo "1782"]
[BlackElo "1892"]

1. e4 e5 2. g4 Bc5 3. d3 Nc6 4. c3 Qf6 5. Nf3 h6 6. h4 d6 7. g5 Qe7 8. b4 Bb6 9.
a4 a6 10. a5 Ba7 11. Nbd2 hxg5 12. Nxg5 Nh6 13. Nc4 f6 14. Nf3 Bg4 15. Bg2 Bh5
16. Bxh6 Rxh6 17. Qd2 O-O-O 18. Ne3 g6 19. Nf5 gxf5 20. Qxh6 Qf7 21. exf5 Re8
22. Nd2 Ne7 23. Bh3 Nd5 24. Ne4 Nf4 25. Nxf6 Qb3 26. O-O Rd8 27. Bg2 Qf7 28. c4
Rf8 29. Nd5 Ne2+ 30. Kh1 Rg8 31. f6 Kb8 32. Bh3 Bf3+ 33. Kh2 Bd4 34. Rae1 e4 35.
dxe4 Be5+ 36. Nf4 Nxf4 37. Rg1 Ne2+ 38. Rg3 Rxg3 39. fxg3 Bxg3# 0-1

[Event "Challenge"]
[Site "http://www.queenalice.com/game.php?id=1525339"]
[Date "2018.4.29"]
[Round "-"]
[White "marcomasao"]
[Black "jajerduco"]
[Result "0-1"]
[WhiteElo "1918"]
[BlackElo "1760"]

1. e4 d5 2. exd5 Qxd5 3. Qe2 h5 4. Nc3 Qe6 5. Ne4 a6 6. Nf3 f6 7. b3 g6 8. Bb2
Bg7 9. c3 c6 10. g3 Qd5 11. Bg2 Bg4 12. O-O f5 13. Neg5 Bf6 14. c4 Qd6 15. Ne6
Bxb2 16. Rab1 Bf6 17. Rfd1 Nd7 18. h3 Bxf3 19. Bxf3 Ne5 20. Nf4 Bg5 21. d4 Nxf3+
22. Qxf3 Bxf4 23. gxf4 O-O-O 24. c5 Qd5 25. Qg3 Rh6 26. Rd2 e6 27. b4 Nf6 28.
Qg5 Ne4 29. Qxh6 Nxd2 30. Rc1 Qxd4 31. Qxg6 Nf3+ 32. Kh1 Qd5 33. Qxh5 Nh4+ 34.
Kg1 Qg2# 0-1

[Event "Challenge"]
[Site "http://www.queenalice.com/game.php?id=1525340"]
[Date "2018.4.29"]
[Round "-"]
[White "jajerduco"]
[Black "marcomasao"]
[Result "0-1"]
[WhiteElo "1770"]
[BlackElo "1908"]

1. e4 e5 2. g4 Bc5 3. d3 Nc6 4. c3 Nf6 5. Bg5 h6 6. Bh4 d6 7. b4 Bb6 8. a4 a6 9.
a5 Ba7 10. h3 Be6 11. Ne2 Qe7 12. g5 hxg5 13. Bxg5 O-O-O 14. h4 Nb8 15. Bg2 Nbd7
16. d4 Nf8 17. d5 Bg4 18. f3 Bh5 19. Bh3+ Kb8 20. Ng3 N8h7 21. Nf5 Qf8 22. Nd2
Nxg5 23. hxg5 Nh7 24. Rg1 g6 25. Nh6 Be3 26. Rf1 Nxg5 27. Ng4 Bxg4 28. Bxg4 Rh2
29. Nc4 Qh6 30. Nxe3 Qh4+ 31. Rf2 Qxf2# 0-1

[Event "Challenge"]
[Site "http://www.queenalice.com/game.php?id=1527838"]
[Date "2018.5.19"]
[Round "-"]
[White "marcomasao"]
[Black "jajerduco"]
[Result "1-0"]
[WhiteElo "2049"]
[BlackElo "1797"]

1. e4 d6 2. Bc4 e6 3. Nf3 Bd7 4. Nc3 c6 5. Qe2 b5 6. Bb3 a5 7. a3 a4 8. Ba2 e5
9. d3 Nf6 10. Be3 g6 11. Bg5 Bg7 12. h3 h6 13. Bh4 g5 14. Bg3 g4 15. Nh4 h5 16.
Qd2 Bh6 17. Qe2 Na6 18. b3 Nc5 19. b4 Na6 20. Bh2 gxh3 21. gxh3 Bxh3 22. Bg3 Bg4
23. f3 Bd7 24. Ng2 Bg5 25. Bf2 Nc7 26. Ne3 Bf4 27. O-O-O Qe7 28. Bh4 O-O-O 29.
Kd2 Be6 30. Ra1 Rh6 31. Kd1 Rg6 32. Bxf6 Qxf6 33. Rxh5 Rh6 34. Rxh6 Qxh6 35. Kd2
Ne8 36. Qf2 Nf6 37. Rg1 Bg5 38. Bxe6+ fxe6 39. Ke2 Bh4 40. Rh1 Bxf2 41. Rxh6
Bxe3 42. Kxe3 Rf8 43. Nd1 c5 44. Nc3 cxb4 45. axb4 a3 46. Nxb5 a2 47. Rh1 Rd8
48. Ra1 Kd7 49. Rxa2 Rb8 50. Ra5 Kc6 51. c4 Nd7 52. Ra6+ Nb6 53. Nc3 Kb7 54. b5
Rh8 55. Ra1 Rh2 56. Ne2 Rg2 57. f4 Nd7 58. Rh1 Kb6 59. Rh6 Nf8 60. f5 Ka5 61.
fxe6 Ng6 62. Rh7 Kb4 63. b6 Nf8 64. Re7 Rg8 65. Re8 Kc5 66. b7 Rh8 67. Rc8+ Kb6
68. b8=Q+ Ka6 69. Qb5+ Ka7 70. Rb8 Rh7 71. Qb6# 1-0

[Event "Challenge"]
[Site "http://www.queenalice.com/game.php?id=1527839"]
[Date "2018.5.19"]
[Round "-"]
[White "jajerduco"]
[Black "marcomasao"]
[Result "0-1"]
[WhiteElo "1782"]
[BlackElo "1862"]

1. d4 d5 2. Nc3 Nf6 3. Nf3 Bf5 4. h3 Nc6 5. g4 Bg6 6. Bg2 e6 7. Bg5 h6 8. Bf4
Bd6 9. g5 Ne4 10. Nxe4 Bxe4 11. e3 Bxf4 12. exf4 Qe7 13. Qe2 a6 14. c3 hxg5 15.
Qe3 gxf4 16. Qxf4 Na5 17. b4 Nc4 18. O-O f6 19. Nh4 Bxg2 20. Kxg2 g5 21. Qg4
Rxh4 22. Qg3 O-O-O 23. a4 Qh7 24. Rae1 Nd2 25. Rg1 g4 26. Rh1 gxh3+ 27. Rxh3
Rxh3 28. Qxh3 Rg8+ 29. Kh2 Nf3+ 30. Kh1 Qxh3# 0-1

[Event "Challenge"]
[Site "http://www.queenalice.com/game.php?id=1528820"]
[Date "2018.5.27"]
[Round "-"]
[White "marcomasao"]
[Black "jajerduco"]
[Result "0-1"]
[WhiteElo "1939"]
[BlackElo "1774"]

1. e4 d5 2. e5 e6 3. d4 c5 4. Nf3 c4 5. Nc3 Bb4 6. Bd2 h6 7. a3 Ba5 8. Qe2 Ne7
9. g3 g5 10. Bg2 Nf5 11. b4 Bb6 12. Be3 Nxe3 13. Qxe3 Nc6 14. Na4 Bc7 15. Nb2 b5
16. c3 a5 17. Qd2 a4 18. O-O-O f5 19. exf6 Qxf6 20. g4 Bf4 21. Rde1 Bxd2+ 22.
Kxd2 Qf4+ 23. Kd1 Qxg4 24. Rhg1 Qf5 25. Kc1 Bd7 26. Re2 O-O-O 27. h3 Qf4+ 28.
Kb1 Rhe8 29. Ka2 e5 30. Nxe5 Nxe5 31. Bxd5 Bxh3 32. Ba8 Nf3 33. Rxe8 Rxe8 34.
Rg3 Bg4 35. Bc6 Re2 36. Bxf3 Bxf3 37. Rg1 Qd2 38. Rb1 Qxc3 39. Ka1 Qxa3# 0-1

[Event "Challenge"]
[Site "http://www.queenalice.com/game.php?id=1528821"]
[Date "2018.5.27"]
[Round "-"]
[White "jajerduco"]
[Black "marcomasao"]
[Result "1/2-1/2"]
[WhiteElo "1769"]
[BlackElo "1887"]

1. b4 e5 2. Bb2 Qf6 3. Nf3 d6 4. e4 Bg4 5. h3 Bh5 6. g4 Bg6 7. d3 Qd8 8. h4 h6
9. h5 Bh7 10. c4 Nf6 11. Bh3 g5 12. hxg6 Bxg6 13. Qa4+ Nbd7 14. Qb5 b6 15. Nbd2
a6 16. Qa4 Bg7 17. Nh4 Bh7 18. Nf5 Bxf5 19. exf5 Qe7 20. b5 Nc5 21. Qc2 Rh7 22.
f3 a5 23. a4 O-O-O 24. Ne4 Ncxe4 25. fxe4 Kb8 26. O-O-O Nd7 27. Ba3 Nc5 28. Rd2
Bf6 29. Bxc5 dxc5 30. Rf2 Bg5+ 31. Kb1 Rd4 32. Rf3 Rh8 33. Bf1 Bf4 34. Rh5 f6
1/2-1/2

[Event "Challenge"]
[Site "http://www.queenalice.com/game.php?id=1534404"]
[Date "2018.7.11"]
[Round "-"]
[White "edemarc"]
[Black "jajerduco"]
[Result "1-0"]
[WhiteElo "1500"]
[BlackElo "1775"]

1. e4 c5 2. d3 d6 3. c3 e5 4. Nf3 Bg4 5. Be2 Nf6 6. Nfd2 h5 7. f3 Be6 8. Qa4+
Nc6 9. b4 Bd7 10. b5 Na5 11. h3 b6 12. Nb3 g6 13. Bg5 Bg7 14. N1d2 a6 15. d4
cxd4 16. cxd4 Qc7 17. Rc1 Qb7 18. d5 Nh7 19. Be3 O-O 20. O-O 1-0

[Event "Challenge"]
[Site "http://www.queenalice.com/game.php?id=1536392"]
[Date "2018.7.27"]
[Round "-"]
[White "marcomasao"]
[Black "jajerduco"]
[Result "1-0"]
[WhiteElo "1990"]
[BlackElo "1783"]

1. e4 d6 2. Bc4 e6 3. Nf3 c6 4. Nc3 b5 5. Bb3 a5 6. a3 a4 7. Ba2 Ne7 8. Qe2 g6
9. d3 Bg7 10. Be3 O-O 11. Qd2 Nd7 12. Qe2 d5 13. Bd4 e5 14. Be3 d4 15. Bd2 dxc3
16. Bxc3 c5 17. h4 h5 18. Ng5 Bh6 19. g4 Bxg5 20. hxg5 Nc6 21. gxh5 Qxg5 22.
hxg6 Qxg6 23. O-O-O Nf6 24. Rdg1 Bg4 25. f3 Qg5+ 26. Bd2 Nd4 27. Qh2 Qg7 28.
fxg4 Nf3 29. Qh3 Nxg1 30. Rxg1 Nh7 31. Bh6 Qf6 32. Bxf8 Qf4+ 33. Kb1 1-0

[Event "Challenge"]
[Site "http://www.queenalice.com/game.php?id=1536393"]
[Date "2018.7.27"]
[Round "-"]
[White "jajerduco"]
[Black "marcomasao"]
[Result "0-1"]
[WhiteElo "1791"]
[BlackElo "1989"]

1. b4 e5 2. Bb2 Qf6 3. a3 Nc6 4. e4 Bd6 5. Nf3 Nh6 6. g3 a6 7. d3 b6 8. Bg2 Bb7
9. Nbd2 Qe7 10. c4 Na7 11. Qc2 c6 12. Nb3 Bc7 13. Bc1 d6 14. Bg5 f6 15. Be3
O-O-O 16. O-O g5 17. c5 dxc5 18. bxc5 b5 19. Nfd2 Qg7 20. Nc1 f5 21. Qc4 bxc4
22. Nxc4 f4 23. gxf4 exf4 24. Bh3+ g4 25. Bg2 fxe3 26. Ra2 Nf7 27. fxe3 h5 28.
Raf2 Rd7 29. d4 g3 30. hxg3 Qxg3 31. Re1 h4 32. Ne2 Qg6 33. Ne5 Nxe5 0-1